[Event "Qualifikationsturnier zu Staat"]
[Site "KOeflach"]
[Date "2006.09.09"]
[Round "8"]
[Board "1"]
[White "Hoelzl, Franz"]
[Black "Wiedner, Robert"]
[Result "1/2-1/2"]
[WhiteElo "2351"]
[BlackElo "2143"]
[PlyCount "80"]
[EventDate "2006.09.02"]
[EventRounds "9"]
[EventCountry "AUT"]

1.d4 d5 2.c4 e6 3.Nf3 Nf6 4.Nc3 Be7 5.Bf4 O-O 6.e3 c5 7.dxc5 Bxc5 8.a3 dxc4
9.Bxc4 Nh5 10.Qxd8 Rxd8 11.Bg5 Nf6 12.O-O Bd7 13.Ne5 Be8 14.Ng4 Nbd7 15.Nxf6+
Nxf6 16.Be2 h6 17.Bxf6 gxf6 18.Bf3 Rab8 19.Rfc1 Be7 20.g4 a5 21.Rc2 b5 22.Ne4
Rdc8 23.Rd2 Rd8 24.Rxd8 Rxd8 25.Rc1 b4 26.axb4 axb4 27.Be2 Ba4 28.h3 Kg7 29.Kf1
Kg6 30.Ke1 f5 31.Nc5 Rc8 32.gxf5+ exf5 33.Ra1 Bxc5 34.Rxa4 f4 35.exf4 Rc7
36.Ra6+ Kg7 37.b3 Bd4 38.Kf1 Rc3 39.Rd6 Bc5 40.Rd5 Be7

[Event "Qualifikationsturnier zu Staat"]
[Site "KOeflach"]
[Date "2006.09.09"]
[Round "8"]
[Board "1"]
[White "Titz, Heimo"]
[Black "Genser, Harald"]
[Result "0-1"]
[WhiteElo "2286"]
[BlackElo "2332"]
[PlyCount "120"]
[EventDate "2006.09.02"]
[EventRounds "9"]
[EventCountry "AUT"]

1.Nf3 d5 2.c4 e6 3.g3 dxc4 4.Qa4+ c6 5.Qxc4 b5 6.Qc2 Bb7 7.Bg2 Nd7 8.d4 Rc8
9.O-O c5 10.Qb3 a6 11.Be3 Ngf6 12.dxc5 Bxc5 13.Bxc5 Nxc5 14.Qe3 O-O 15.Nc3 b4
16.Rfd1 Qa5 17.Nb1 Nd5 18.Rxd5 Bxd5 19.Nbd2 Na4 20.b3 Nc3 21.Ne5 Bxg2 22.Kxg2
Qd5+ 23.f3 Rfd8 24.Nec4 Qd4 25.Qxd4 Rxd4 26.Kf2 Nb5 27.Ke3 Rdd8 28.Rb1 Na3
29.Rc1 Rd5 30.Rh1 a5 31.Rc1 Nxc4+ 32.Nxc4 Kf8 33.h4 f6 34.Ra1 a4 35.Kf2 Rc6
36.Rb1 a3 37.Rc1 Rd2 38.Ra1 Rc2 39.Ke3 Ke7 40.Kd3 Rc3+ 41.Kd2 R6xc4 42.bxc4 Kd6
43.h5 Kc5 44.Rh1 Rxc4 45.Rb1 Kb5 46.Rb3 Rd4+ 47.Kc2 e5 48.Re3 Kc5 49.g4 Rc4+
50.Kd2 Kd5 51.Rb3 g6 52.hxg6 hxg6 53.Rb1 Rd4+ 54.Kc2 e4 55.Rb3 Rc4+ 56.Kd2 Kd4
57.fxe4 Kxe4 58.Rf3 Ke5 59.Re3+ Re4 60.Rg3 Kf4

[Event "Qualifikationsturnier zu Staat"]
[Site "KOeflach"]
[Date "2006.09.09"]
[Round "8"]
[Board "1"]
[White "Petschar, Kurt"]
[Black "Poetz, Florian"]
[Result "1-0"]
[WhiteElo "2284"]
[BlackElo "2079"]
[PlyCount "151"]
[EventDate "2006.09.02"]
[EventRounds "9"]
[EventCountry "AUT"]

1.d4 Nf6 2.Bg5 Ne4 3.Bf4 c5 4.f3 Nf6 5.d5 g6 6.c4 Bg7 7.Nc3 Qa5 8.e4 d6 9.Bd2 a6
10.Bd3 Nbd7 11.f4 e5 12.dxe6 fxe6 13.Nf3 O-O 14.O-O Qd8 15.Qe2 b6 16.f5 Ne5
17.fxg6 hxg6 18.Nxe5 dxe5 19.Rad1 Bb7 20.Bg5 Qe8 21.Bc2 Nh7 22.Rxf8+ Bxf8 23.Bh4
Bc6 24.Qg4 Ra7 25.Rd8 Qf7 26.Ba4 b5 27.cxb5 axb5 28.Bxb5 Bxb5 29.Nxb5 Rxa2
30.Rd1 Rxb2 31.Rf1 Rxb5 32.Rxf7 Kxf7 33.Qf3+ Kg8 34.Qd3 Rb4 35.Qd7 Rxe4 36.Qxe6+
Kg7 37.Bg3 Ng5 38.Bxe5+ Kh6 39.Qg8 Rxe5 40.Qxf8+ Kh7 41.h4 Ne6 42.Qf6 Re2 43.Kf1
Re4 44.g3 Ng7 45.Qc6 Rc4 46.Qd7 Rd4 47.Qc7 c4 48.Kf2 Kh6 49.Qe5 Rd2+ 50.Ke1 Rd3
51.g4 Rh3 52.Qg5+ Kh7 53.Kd2 Rd3+ 54.Kc2 Rh3 55.Qf6 Rg3 56.Qd4 Rh3 57.Qxc4 Rxh4
58.Kd3 Rh1 59.Ke3 Re1+ 60.Kf3 Re6 61.Qc7 Kg8 62.Qc8+ Kf7 63.Kf4 Re8 64.Qd7+ Re7
65.Qd5+ Ne6+ 66.Ke5 Re8 67.Qa2 Re7 68.g5 Re8 69.Qb3 Re7 70.Kd6 Re8 71.Qb7+ Kf8
72.Qf3+ Kg8 73.Kd7 Nxg5 74.Qd5+ Re6 75.Qxg5 Kf7 76.Qd5

[Event "Qualifikationsturnier zu Staat"]
[Site "KOeflach"]
[Date "2006.09.09"]
[Round "8"]
[Board "1"]
[White "Meier, Alexander"]
[Black "Steiner, Bruno"]
[Result "1-0"]
[WhiteElo "2145"]
[BlackElo "2253"]
[PlyCount "113"]
[EventDate "2006.09.02"]
[EventRounds "9"]
[EventCountry "AUT"]

1.e4 c5 2.Nf3 d6 3.d4 cxd4 4.Qxd4 Nc6 5.Bb5 e5 6.Qd3 Nf6 7.c4 Be7 8.Nc3 O-O
9.Bxc6 bxc6 10.O-O a5 11.b3 Qc7 12.Rd1 h6 13.Ba3 Rd8 14.Rac1 Nh5 15.Ne2 Ba6
16.Qe3 Bf8 17.Bb2 Re8 18.h3 g6 19.g4 Ng7 20.Qxh6 Ne6 21.Qh4 Be7 22.g5 Bf8 23.Rd2
Bg7 24.Rcd1 c5 25.Nc3 Nd4 26.Nxd4 exd4 27.Nd5 Qd8 28.f3 Re5 29.Rg2 a4 30.Kh1 Bb7
31.b4 Bxd5 32.cxd5 a3 33.Ba1 Re8 34.bxc5 dxc5 35.Qg4 Qb6 36.h4 c4 37.e5 Bxe5
38.Bxd4 Bxd4 39.Qxd4 Re1+ 40.Rg1 Rxg1+ 41.Kxg1 Qd6 42.Kg2 Rc8 43.Rc1 Qb4 44.Kh3
Qb5 45.d6 Qd7+ 46.Kg2 Rb8 47.Rxc4 Rb2+ 48.Kg3 Qe6 49.Rc1 Kh7 50.h5 Rxa2 51.hxg6+
Kxg6 52.Rh1 Kxg5 53.Qf4+ Kg6 54.Rh6+ Kg7 55.Rxe6 fxe6 56.d7 Rd2 57.Qxd2

[Event "Qualifikationsturnier zu Staat"]
[Site "KOeflach"]
[Date "2006.09.09"]
[Round "8"]
[Board "1"]
[White "Dietmayer Kraeutler, Marco"]
[Black "Frank, Paul"]
[Result "0-1"]
[WhiteElo "2246"]
[BlackElo "2151"]
[PlyCount "58"]
[EventDate "2006.09.02"]
[EventRounds "9"]
[EventCountry "AUT"]

1.d4 Nf6 2.Nf3 g6 3.Bf4 Bg7 4.Nbd2 d5 5.e3 O-O 6.Bd3 c5 7.c3 Nc6 8.O-O Nd7 9.Bg5
Qc7 10.e4 dxe4 11.Bxe4 cxd4 12.Bxc6 Qxc6 13.cxd4 Nf6 14.Rc1 Qa6 15.a3 Be6 16.Bf4
Rac8 17.Nb1 Nd5 18.Be5 Bh6 19.Rc5 b6 20.Rxc8 Rxc8 21.Ne1 Ne3 22.fxe3 Bxe3+
23.Rf2 Rc1 24.Qxc1 Bxc1 25.d5 Bf5 26.Nc3 Be3 27.Bf4 Bc5 28.g3 Qc4 29.Ng2 Qd3

[Event "Qualifikationsturnier zu Staat"]
[Site "KOeflach"]
[Date "2006.09.09"]
[Round "8"]
[Board "1"]
[White "Schachinger, Mario"]
[Black "Winiwarter, Felix"]
[Result "1/2-1/2"]
[WhiteElo "2277"]
[BlackElo "2175"]
[PlyCount "71"]
[EventDate "2006.09.02"]
[EventRounds "9"]
[EventCountry "AUT"]

1.Nc3 d5 2.e4 e6 3.d4 Bb4 4.Bd3 dxe4 5.Bxe4 Nf6 6.Bf3 c5 7.Nge2 Nc6 8.a3 Bxc3+
9.bxc3 O-O 10.O-O Qa5 11.a4 Rd8 12.Bg5 Ne5 13.Be4 Ned7 14.Qd3 cxd4 15.Bxf6 Nxf6
16.cxd4 Nxe4 17.Qxe4 Rb8 18.Rfd1 b6 19.Qe5 Qxe5 20.dxe5 Bb7 21.f3 Kf8 22.Nd4 Rd5
23.Nb5 Rxe5 24.Rd7 Bc6 25.Rc7 Bxb5 26.axb5 Rxb5 27.Raxa7 Rf5 28.Kf2 h5 29.Ke3 g6
30.g3 Kg7 31.h3 g5 32.c3 Rd8 33.g4 Re5+ 34.Kf2 Rd2+ 35.Kf1 Rd1+ 36.Kf2

[Event "Qualifikationsturnier zu Staat"]
[Site "KOeflach"]
[Date "2006.09.09"]
[Round "8"]
[Board "1"]
[White "Nickl, Klaus"]
[Black "Krebs, Johann"]
[Result "1/2-1/2"]
[WhiteElo "2181"]
[BlackElo "2276"]
[PlyCount "92"]
[EventDate "2006.09.02"]
[EventRounds "9"]
[EventCountry "AUT"]

1.d4 c5 2.c3 b6 3.Bg5 h6 4.Bh4 Bb7 5.e3 d6 6.Nf3 Nd7 7.Bc4 Ngf6 8.Nbd2 e6 9.h3
Be7 10.O-O O-O 11.Re1 Rc8 12.Rc1 Ne4 13.Nxe4 Bxe4 14.Bg3 Nf6 15.Nd2 cxd4 16.exd4
Bb7 17.Qe2 Rc7 18.Bd3 Qa8 19.Ne4 Nxe4 20.Bxe4 b5 21.a3 Rfc8 22.f3 Bxe4 23.fxe4
Qb7 24.Bf4 a5 25.Qg4 Kh7 26.Qg3 Rd7 27.Qd3 g6 28.e5 d5 29.Qd2 Bf8 30.h4 b4
31.axb4 axb4 32.Re3 bxc3 33.bxc3 Rb8 34.Rg3 h5 35.Qd3 Qb5 36.Qf3 Rdb7 37.Rf1 Qe8
38.Bc1 Bg7 39.Qf4 Rb1 40.Rgf3 R8b7 41.g4 hxg4 42.Qxg4 Qa4 43.h5 Qc2 44.hxg6+
Qxg6 45.Rh3+ Kg8 46.Rg3 Qxg4

[Event "Qualifikationsturnier zu Staat"]
[Site "KOeflach"]
[Date "2006.09.09"]
[Round "8"]
[Board "1"]
[White "Bachler, Reinhard"]
[Black "Hatzl, Johannes"]
[Result "1-0"]
[WhiteElo "2274"]
[BlackElo "2113"]
[PlyCount "61"]
[EventDate "2006.09.02"]
[EventRounds "9"]
[EventCountry "AUT"]

1.f4 d5 2.Nf3 g6 3.d3 Bg7 4.c3 c5 5.Qc2 Nh6 6.e4 dxe4 7.dxe4 O-O 8.Be3 Qc7 9.h3
Nc6 10.g4 f5 11.gxf5 gxf5 12.e5 Be6 13.Ng5 Bd5 14.Bg2 Bxg2 15.Qxg2 Nd8 16.Qd5+
e6 17.Qxc5 Qxc5 18.Bxc5 Re8 19.Nd2 Nhf7 20.Ndf3 h6 21.Nxf7 Nxf7 22.O-O-O b6
23.Be3 Re7 24.Kc2 Nd8 25.Rd2 Kf7 26.Rhd1 Nb7 27.Bf2 Ke8 28.Bh4 Rf7 29.Nd4 Nc5
30.Nb5 Nb7 31.Nd6+

[Event "Qualifikationsturnier zu Staat"]
[Site "KOeflach"]
[Date "2006.09.09"]
[Round "8"]
[Board "1"]
[White "Srienz, Christian"]
[Black "FrOewis, Georg"]
[Result "1/2-1/2"]
[WhiteElo "2261"]
[BlackElo "2112"]
[PlyCount "65"]
[EventDate "2006.09.02"]
[EventRounds "9"]
[EventCountry "AUT"]

1.c4 e6 2.Nf3 d5 3.g3 dxc4 4.Qa4+ c6 5.Qxc4 b5 6.Qb3 Bb7 7.Bg2 Nd7 8.d4 a6 9.Ne5
Nxe5 10.dxe5 Qc7 11.O-O c5 12.Bxb7 Qxb7 13.a4 c4 14.Qe3 Ne7 15.axb5 Nd5 16.Qd4
axb5 17.Rxa8+ Qxa8 18.e4 Ne7 19.Rd1 Qc8 20.Qb6 Nc6 21.Qxb5 Be7 22.Qxc4 O-O 23.f4
Qb7 24.Be3 Rc8 25.Qe2 Na5 26.Nc3 Nc4 27.Bc1 g6 28.Kg2 Qb3 29.Rd3 Qb7 30.Rd1 Qb3
31.Rd3 Qb7 32.Rf3 Qb4 33.Rd3

[Event "Qualifikationsturnier zu Staat"]
[Site "KOeflach"]
[Date "2006.09.09"]
[Round "8"]
[Board "1"]
[White "Zojer, Thomas"]
[Black "Roth, Peter"]
[Result "0-1"]
[WhiteElo "2088"]
[BlackElo "2249"]
[PlyCount "46"]
[EventDate "2006.09.02"]
[EventRounds "9"]
[EventCountry "AUT"]

1.d4 g6 2.Nf3 Bg7 3.c4 c5 4.d5 d6 5.e4 Nf6 6.Bd3 e5 7.O-O O-O 8.Nc3 Nh5 9.g3 Bg4
10.Be2 Nd7 11.Ng5 Bxe2 12.Qxe2 a6 13.Be3 Qe8 14.a3 h6 15.Nh3 f5 16.exf5 gxf5
17.Qd2 f4 18.gxf4 Qg6+ 19.Kh1 Qf5 20.fxe5 Qf3+ 21.Kg1 Nxe5 22.Ng5 hxg5 23.Bxg5
Qg4+

[Event "Qualifikationsturnier zu Staat"]
[Site "KOeflach"]
[Date "2006.09.09"]
[Round "8"]
[Board "1"]
[White "Kreindl, Helmut"]
[Black "Halvax, Georg"]
[Result "1/2-1/2"]
[WhiteElo "2200"]
[BlackElo "1969"]
[PlyCount "50"]
[EventDate "2006.09.02"]
[EventRounds "9"]
[EventCountry "AUT"]

1.d4 Nf6 2.Bg5 d5 3.e3 c6 4.Nd2 Nbd7 5.Ngf3 e6 6.Ne5 Nxe5 7.dxe5 h6 8.Bh4 g5
9.exf6 gxh4 10.Qf3 Rg8 11.Qf4 Rg6 12.Qxh4 Qxf6 13.Qxf6 Rxf6 14.g3 e5 15.Bg2 Be6
16.Rc1 O-O-O 17.a3 Kc7 18.O-O Bc5 19.b4 Bf8 20.f4 exf4 21.Rxf4 Rxf4 22.gxf4 a5
23.c3 axb4 24.axb4 Ra8 25.Nf3 Bg7

[Event "Qualifikationsturnier zu Staat"]
[Site "KOeflach"]
[Date "2006.09.09"]
[Round "8"]
[Board "1"]
[White "Wersching, Alfred"]
[Black "Saxer, Bernhard"]
[Result "1-0"]
[WhiteElo "2080"]
[BlackElo "2057"]
[PlyCount "165"]
[EventDate "2006.09.02"]
[EventRounds "9"]
[EventCountry "AUT"]

1.d4 Nf6 2.c4 c5 3.e3 cxd4 4.exd4 e6 5.Nf3 d5 6.Bg5 Qa5+ 7.Bd2 Qc7 8.cxd5 exd5
9.Nc3 Be7 10.Qb3 O-O 11.Be2 Be6 12.O-O Nc6 13.Rfd1 Rfd8 14.h3 Ne4 15.Rac1 Qd7
16.Bf4 f6 17.Nh2 Nxc3 18.Qxc3 Rac8 19.Qe3 Bd6 20.Nf3 Re8 21.Bxd6 Qxd6 22.Qd2 Bf7
23.Bd3 Bg6 24.Bb5 Re7 25.Bxc6 Rxc6 26.Rxc6 Qxc6 27.Rc1 Qe6 28.Qb4 Qd7 29.Re1
Rxe1+ 30.Qxe1 Be4 31.Nd2 Bf5 32.Nf1 Kf7 33.Ne3 Be4 34.f3 Bd3 35.Qc3 Bb5 36.Qc5
b6 37.Qxd5+ Qxd5 38.Nxd5 Bc4 39.Nc3 Ke6 40.b3 Bd3 41.Kf2 g5 42.g3 Ba6 43.h4 gxh4
44.gxh4 Kf5 45.Ke3 Kg6 46.Nd5 Bb7 47.Nf4+ Kf5 48.Nh5 Bd5 49.Ng3+ Ke6 50.Ne4 Ke7
51.Nc3 Bb7 52.Kf4 Bc8 53.d5 Kf7 54.Nb5 Ke7 55.Nxa7 Bd7 56.Nc6+ Kd6 57.Nb4 Kc5
58.a3 Kd4 59.d6 Kc5 60.Ke4 Kxd6 61.Nd3 Be6 62.b4 Bd7 63.Kd4 Bc6 64.Ke3 Ke6
65.Nb2 Kd5 66.a4 Bd7 67.a5 bxa5 68.bxa5 Kc5 69.Nd3+ Kb5 70.a6 Kb6 71.Nf4 Kxa6
72.Nd5 Bf5 73.Nxf6 Kb7 74.Kf4 Bc2 75.Kg5 Kc6 76.f4 Kd6 77.f5 Ke5 78.Ng4+ Kd6
79.Ne3 Bb3 80.Kf6 Kd7 81.Kg7 Ke8 82.f6 h5 83.Nf5

[Event "Qualifikationsturnier zu Staat"]
[Site "KOeflach"]
[Date "2006.09.09"]
[Round "8"]
[Board "1"]
[White "Brunner, Gerhard"]
[Black "Holzbauer, Johannes"]
[Result "1-0"]
[WhiteElo "2027"]
[BlackElo "2098"]
[PlyCount "63"]
[EventDate "2006.09.02"]
[EventRounds "9"]
[EventCountry "AUT"]

1.e4 d5 2.exd5 Qxd5 3.Nc3 Qd8 4.d4 Nf6 5.Nf3 Bg4 6.Be2 e6 7.h3 Bxf3 8.Bxf3 c6
9.Bg5 Nbd7 10.O-O Qa5 11.Bd2 Qb6 12.Ne2 e5 13.Re1 O-O-O 14.c3 Bd6 15.Qc2 Kb8
16.Be3 Qc7 17.b4 Rhe8 18.g3 e4 19.Bg2 Nd5 20.Nc1 Nxe3 21.Rxe3 f5 22.a3 Nf6
23.Re1 Qd7 24.Nb3 b6 25.c4 Bc7 26.a4 h5 27.b5 h4 28.a5 bxa5 29.bxc6 Qxc6 30.Nxa5
Bxa5 31.Rxa5 Rxd4 32.Qb2+

[Event "Qualifikationsturnier zu Staat"]
[Site "KOeflach"]
[Date "2006.09.10"]
[Round "9"]
[Board "1"]
[White "Neumeier, Klaus"]
[Black "Baumegger, Siegfried"]
[Result "1-0"]
[WhiteElo "2283"]
[BlackElo "2411"]
[PlyCount "81"]
[EventDate "2006.09.02"]
[EventRounds "9"]
[EventCountry "AUT"]

1.e4 c5 2.Nf3 Nc6 3.Bb5 d6 4.Bxc6+ bxc6 5.O-O Bg4 6.h3 Bh5 7.d3 Nf6 8.Re1 Nd7
9.b3 e5 10.Nbd2 Be7 11.Nf1 Nf8 12.Ng3 Bg6 13.c3 Ne6 14.Be3 O-O 15.d4 exd4
16.cxd4 Bf6 17.Rc1 Qa5 18.Re2 Rfd8 19.Rd2 cxd4 20.Nxd4 Nxd4 21.Bxd4 Bg5 22.Be3
Bxe3 23.fxe3 d5 24.Rxc6 dxe4 25.Rxd8+ Rxd8 26.Rd6 Rxd6 27.Qxd6 h6 28.h4 h5 29.a4
Qe1+ 30.Nf1 a5 31.Qd2 Qxh4 32.Qxa5 f5 33.Qe5 Qd8 34.a5 Qc8 35.b4 Qb7 36.b5 Qa7
37.b6 Qa6 38.Qb8+ Kh7 39.Qa7 Qe2 40.b7 f4 41.b8=Q

[Event "Qualifikationsturnier zu Staat"]
[Site "KOeflach"]
[Date "2006.09.10"]
[Round "9"]
[Board "1"]
[White "Genser, Harald"]
[Black "Neuschmied, Siegfried"]
[Result "1-0"]
[WhiteElo "2332"]
[BlackElo "2295"]
[PlyCount "95"]
[EventDate "2006.09.02"]
[EventRounds "9"]
[EventCountry "AUT"]

1.d4 Nf6 2.c4 g6 3.Nc3 Bg7 4.e4 d6 5.Nf3 O-O 6.Be2 e5 7.O-O Na6 8.Re1 c6 9.Bf1
Bg4 10.d5 c5 11.Be2 Ne8 12.a3 Bd7 13.Rb1 b6 14.Rf1 f5 15.Ne1 Qh4 16.f3 f4 17.Nd3
h5 18.Bd2 Qe7 19.b4 Rc8 20.bxc5 Nxc5 21.Nxc5 bxc5 22.Rb7 Rc7 23.Qb3 Bc8 24.Rxc7
Nxc7 25.Rb1 g5 26.Qa4 Ne8 27.Qc6 Nf6 28.Nb5 g4 29.Qxd6 Qf7 30.Qxc5 Qg6 31.Nc3 h4
32.Kf1 h3 33.gxh3 g3 34.Qg1 Bxh3+ 35.Ke1 Nh5 36.c5 Bf6 37.Bc4 Qg5 38.hxg3 Nxg3
39.Kd1 Qh5 40.d6+ Kh8 41.Kc2 Qxf3 42.Bd3 Rg8 43.Qh2 Qh5 44.Nd5 Bd8 45.c6 Nf5
46.exf5 Rg2 47.Qxg2 Bxg2 48.c7

[Event "Qualifikationsturnier zu Staat"]
[Site "KOeflach"]
[Date "2006.09.10"]
[Round "9"]
[Board "1"]
[White "Lendwai, Reinhard"]
[Black "Lenz, Alarich"]
[Result "1/2-1/2"]
[WhiteElo "2428"]
[BlackElo "2196"]
[PlyCount "106"]
[EventDate "2006.09.02"]
[EventRounds "9"]
[EventCountry "AUT"]

1.e4 e6 2.d3 d5 3.Nd2 c5 4.g3 Bd6 5.Bg2 Ne7 6.f4 Nbc6 7.Ngf3 f6 8.O-O O-O 9.c3
Bd7 10.a3 b5 11.b4 cxb4 12.axb4 a5 13.bxa5 Rxa5 14.Rb1 Qc7 15.Kh1 Kh8 16.Bb2 Rb8
17.Nb3 Ra2 18.Nfd2 Na5 19.Nxa5 Qxa5 20.Nb3 Qc7 21.Nc1 Ra7 22.Ne2 b4 23.cxb4 Rxb4
24.e5 fxe5 25.fxe5 Bxe5 26.Bxe5 Rxb1 27.Bxg7+ Kxg7 28.Qxb1 e5 29.Qb4 Bf5 30.Qd2
Qd6 31.d4 Bg6 32.dxe5 Qxe5 33.Nd4 Ra4 34.Qf2 Ra8 35.h4 Re8 36.g4 h5 37.g5 Ng8
38.Nf3 Qc3 39.Nd4 Qe3 40.Qb2 Kh7 41.Qb7+ Re7 42.Qxd5 Be4 43.g6+ Bxg6 44.Nf5 Bxf5
45.Qxf5+ Kg7 46.Bd5 Nh6 47.Qf8+ Kh7 48.Bg2 Ng4 49.Qf5+ Kh6 50.Bf3 Qe5 51.Qf8+
Kh7 52.Bxg4 hxg4 53.Qf4 Qxf4

[Event "Qualifikationsturnier zu Staat"]
[Site "KOeflach"]
[Date "2006.09.10"]
[Round "9"]
[Board "1"]
[White "Frank, Paul"]
[Black "Hoelzl, Franz"]
[Result "0-1"]
[WhiteElo "2151"]
[BlackElo "2351"]
[PlyCount "68"]
[EventDate "2006.09.02"]
[EventRounds "9"]
[EventCountry "AUT"]

1.d4 Nf6 2.Nf3 d5 3.g3 c5 4.Bg2 Nc6 5.O-O e6 6.c4 cxd4 7.Nxd4 Qb6 8.Nb3 dxc4
9.N3d2 Qa6 10.Nc3 Bd7 11.Nde4 Rd8 12.Nd6+ Bxd6 13.Qxd6 Bc8 14.Qc5 Nd7 15.Qh5 O-O
16.Bg5 Qa5 17.Qh4 f6 18.Be3 Nde5 19.Rad1 Qb4 20.Bc1 Qe7 21.Be4 g5 22.Qh5 Bd7
23.Qh3 f5 24.Bc2 Be8 25.Rxd8 Nxd8 26.Be3 b5 27.f4 Ng4 28.Bd4 Nc6 29.Bf2 Nxf2
30.Rxf2 g4 31.Qf1 Qc5 32.h3 b4 33.Nd1 Nd4 34.Bb1 c3

[Event "Qualifikationsturnier zu Staat"]
[Site "KOeflach"]
[Date "2006.09.10"]
[Round "9"]
[Board "1"]
[White "Bawart, Markus"]
[Black "Petschar, Kurt"]
[Result "1/2-1/2"]
[WhiteElo "2334"]
[BlackElo "2284"]
[PlyCount "20"]
[EventDate "2006.09.02"]
[EventRounds "9"]
[EventCountry "AUT"]

1.Nf3 d5 2.d4 Nf6 3.Bf4 Bg4 4.Nbd2 c6 5.e3 e6 6.h3 Bh5 7.Bd3 Nbd7 8.O-O Be7 9.c3
O-O 10.Nb1 Nb8

[Event "Qualifikationsturnier zu Staat"]
[Site "KOeflach"]
[Date "2006.09.10"]
[Round "9"]
[Board "1"]
[White "Wiedner, Robert"]
[Black "Meier, Alexander"]
[Result "1/2-1/2"]
[WhiteElo "2143"]
[BlackElo "2145"]
[PlyCount "131"]
[EventDate "2006.09.02"]
[EventRounds "9"]
[EventCountry "AUT"]

1.c4 Nf6 2.Nc3 g6 3.g3 Bg7 4.Bg2 O-O 5.Nf3 d6 6.O-O e5 7.d4 Nbd7 8.b3 c6 9.dxe5
dxe5 10.Ng5 h6 11.Nge4 Nxe4 12.Nxe4 f5 13.Nd6 Qc7 14.e4 f4 15.Nxc8 Raxc8 16.Ba3
c5 17.Bh3 Nf6 18.f3 Rcd8 19.Be6+ Kh7 20.Bd5 fxg3 21.hxg3 Nh5 22.Qe1 b6 23.Rd1 a5
24.Kg2 Qe7 25.Bc1 Bf6 26.Rd3 Bg5 27.Rh1 Kg7 28.Kf2 Rd6 29.Bb2 Rdd8 30.Bc3 Kh7
31.Qf1 Nf6 32.Ke2 Nh5 33.Qf2 Rfe8 34.Kd1 Rf8 35.Kc2 Nf6 36.Rh3 Nxd5 37.cxd5 a4
38.Rh1 b5 39.d6 Rxd6 40.Rxd6 Qxd6 41.Rd1 axb3+ 42.axb3 Qc6 43.Rd5 c4 44.Qa7+ Kg8
45.Rd7 cxb3+ 46.Kb2 Bf6 47.Rc7 Qd6 48.f4 exf4 49.Rg7+ Kh8 50.Rh7+ Kg8 51.Qg7+
Bxg7 52.Rxg7+ Kh8 53.Rxg6+ Kh7 54.Rxd6 f3 55.Rd1 Kg6 56.Rf1 Kg5 57.Be1 Kg4
58.Bf2 Re8 59.Rh1 Rxe4 60.Kxb3 Re2 61.Rh4+ Kg5 62.Bb6 Rg2 63.Be3+ Kf5 64.Rf4+
Ke5 65.g4 f2 66.Rf5+

[Event "Qualifikationsturnier zu Staat"]
[Site "KOeflach"]
[Date "2006.09.10"]
[Round "9"]
[Board "1"]
[White "Schwab, Rene"]
[Black "Titz, Heimo"]
[Result "1/2-1/2"]
[WhiteElo "2224"]
[BlackElo "2286"]
[PlyCount "99"]
[EventDate "2006.09.02"]
[EventRounds "9"]
[EventCountry "AUT"]

1.c4 c5 2.g3 g6 3.Bg2 Bg7 4.Nc3 Nc6 5.e3 e5 6.Nge2 Nge7 7.O-O O-O 8.b3 d6 9.Bb2
a6 10.d4 exd4 11.exd4 cxd4 12.Nd5 d3 13.Nxe7+ Qxe7 14.Nc3 Ne5 15.f4 Ng4 16.Nd5
Qe2 17.Bxg7 Kxg7 18.Qxe2 dxe2 19.Rfe1 Be6 20.Nc7 Rab8 21.Rxe2 Bd7 22.Rd1 Rfc8
23.Nd5 Bc6 24.h3 Nh6 25.g4 Ng8 26.Red2 Re8 27.Kf2 Ne7 28.Nc3 Bxg2 29.Kxg2 Nc8
30.Kf3 b5 31.cxb5 axb5 32.Rd5 b4 33.Ne4 Re7 34.f5 Kf8 35.fxg6 hxg6 36.Nxd6 Nxd6
37.Rxd6 Kg7 38.Rd8 Rb6 39.R1d6 Rb5 40.Rd5 Rb6 41.R8d6 Rb8 42.Ra6 Rh8 43.Rd4
Rxh3+ 44.Kf2 Rh2+ 45.Kf3 Ree2 46.Rxb4 Rhf2+ 47.Kg3 g5 48.Rb5 Rg2+ 49.Kf3 Rgf2+
50.Kg3

[Event "Qualifikationsturnier zu Staat"]
[Site "KOeflach"]
[Date "2006.09.10"]
[Round "9"]
[Board "1"]
[White "Schnider, Gert"]
[Black "Holzer, Gerhard"]
[Result "1/2-1/2"]
[WhiteElo "2270"]
[BlackElo "2251"]
[PlyCount "40"]
[EventDate "2006.09.02"]
[EventRounds "9"]
[EventCountry "AUT"]

1.d4 Nf6 2.c4 e6 3.Nc3 Bb4 4.Qc2 O-O 5.a3 Bxc3+ 6.Qxc3 b5 7.cxb5 c6 8.Bg5 cxb5
9.e3 Bb7 10.Nf3 a6 11.Bd3 h6 12.Bh4 Nc6 13.e4 g5 14.Bg3 Rc8 15.Qd2 d5 16.Nxg5
dxe4 17.Nxe4 Nxd4 18.Qxh6 Nxe4 19.Be5 f6 20.Qg6+ Kh8

[Event "Qualifikationsturnier zu Staat"]
[Site "KOeflach"]
[Date "2006.09.10"]
[Round "9"]
[Board "1"]
[White "Roth, Peter"]
[Black "Bachler, Reinhard"]
[Result "0-1"]
[WhiteElo "2249"]
[BlackElo "2274"]
[PlyCount "98"]
[EventDate "2006.09.02"]
[EventRounds "9"]
[EventCountry "AUT"]

1.e4 c5 2.Nf3 d6 3.Bc4 e6 4.d4 Nf6 5.Nc3 cxd4 6.Nxd4 a6 7.Bb3 Qc7 8.Be3 Nc6
9.Qe2 Bd7 10.O-O-O Be7 11.g4 h5 12.gxh5 Rxh5 13.f4 g6 14.Rhe1 Na5 15.Nf3 Bc6
16.Ng5 Nxb3+ 17.axb3 b5 18.Bd4 d5 19.exd5 Nxd5 20.Nxd5 Bxd5 21.Be5 Qc6 22.Kb1 b4
23.Rd2 a5 24.Ne4 a4 25.Qd3 axb3 26.cxb3 Bxe4 27.Qxe4 Qxe4+ 28.Rxe4 Rd8 29.Rxd8+
Kxd8 30.Rd4+ Ke8 31.Rd2 Rh3 32.Kc2 f6 33.Bc7 f5 34.Re2 Kd7 35.Be5 Ke8 36.Rg2 Kf7
37.Rd2 g5 38.fxg5 Bxg5 39.Rd7+ Ke8 40.Rg7 Be7 41.Rg6 Re3 42.Bd4 Re4 43.Kd3 e5
44.Bf2 Kf7 45.Rg3 Ke6 46.Rh3 Rg4 47.Rg3 Rf4 48.Be3 Rh4 49.Rg2 Rh3

[Event "Qualifikationsturnier zu Staat"]
[Site "KOeflach"]
[Date "2006.09.10"]
[Round "9"]
[Board "1"]
[White "Gneiss, Karl"]
[Black "Steiner, Bruno"]
[Result "1/2-1/2"]
[WhiteElo "2103"]
[BlackElo "2253"]
[PlyCount "45"]
[EventDate "2006.09.02"]
[EventRounds "9"]
[EventCountry "AUT"]

1.e4 c5 2.c3 Nf6 3.e5 Nd5 4.d4 cxd4 5.Nf3 e6 6.cxd4 d6 7.Bd3 Nb4 8.O-O Nxd3
9.Qxd3 Nc6 10.Qe4 d5 11.Qg4 f5 12.exf6 Qxf6 13.Re1 Bd6 14.Bg5 Qg6 15.Nh4 Qf7
16.Nc3 O-O 17.Nf3 e5 18.Qg3 e4 19.Qxd6 exf3 20.Qxd5 Qxd5 21.Nxd5 Nxd4 22.Rad1
Nf5 23.Be7

[Event "Qualifikationsturnier zu Staat"]
[Site "KOeflach"]
[Date "2006.09.10"]
[Round "9"]
[Board "1"]
[White "Poetz, Florian"]
[Black "Winiwarter, Felix"]
[Result "1/2-1/2"]
[WhiteElo "2079"]
[BlackElo "2175"]
[PlyCount "46"]
[EventDate "2006.09.02"]
[EventRounds "9"]
[EventCountry "AUT"]

1.e4 c5 2.Nf3 Nc6 3.d4 cxd4 4.Nxd4 Nf6 5.Nc3 e5 6.Ndb5 d6 7.Bg5 a6 8.Na3 b5
9.Nd5 Be7 10.Bxf6 Bxf6 11.c3 O-O 12.Nc2 Rb8 13.Be2 Bg5 14.Nce3 Bxe3 15.Nxe3 Ne7
16.O-O f5 17.Nxf5 Nxf5 18.Qd5+ Kh8 19.exf5 Bxf5 20.Bd3 Bc8 21.Qe4 Bf5 22.Qd5 Bc8
23.Qe4 Bf5

[Event "Qualifikationsturnier zu Staat"]
[Site "KOeflach"]
[Date "2006.09.10"]
[Round "9"]
[Board "1"]
[White "FrOewis, Georg"]
[Black "Schachinger, Mario"]
[Result "0-1"]
[WhiteElo "2112"]
[BlackElo "2277"]
[PlyCount "102"]
[EventDate "2006.09.02"]
[EventRounds "9"]
[EventCountry "AUT"]

1.e4 e5 2.Nf3 Nc6 3.d4 exd4 4.Nxd4 Bc5 5.Nxc6 Qf6 6.Qd2 dxc6 7.Nc3 Be6 8.Qf4
Qxf4 9.Bxf4 O-O-O 10.Na4 Be7 11.Bd3 c5 12.O-O-O c4 13.Be2 Nf6 14.f3 h5 15.Nc3 c6
16.Rxd8+ Rxd8 17.Rd1 Re8 18.Be3 b6 19.h3 Bb4 20.Nb1 Rg8 21.c3 Be7 22.Nd2 g5
23.Nxc4 g4 24.hxg4 hxg4 25.Bf4 Nh5 26.Be5 f6 27.Nd6+ Kc7 28.Nc8+ fxe5 29.Nxe7
Rg7 30.Nf5 Bxf5 31.exf5 Nf4 32.Rd2 g3 33.Bd3 Rd7 34.Kc2 Kd8 35.Bf1 Rxd2+ 36.Kxd2
Ke7 37.Ke3 Kf6 38.Ke4 b5 39.a3 a6 40.b3 a5 41.a4 bxa4 42.bxa4 Nd5 43.f4 exf4
44.Bd3 Kg5 45.Ke5 f3 46.Be4 f2 47.Bd3 Ne3 48.f6 Ng4+ 49.Kd6 Kxf6 50.c4 Ne3
51.Kxc6 Nxg2

[Event "Qualifikationsturnier zu Staat"]
[Site "KOeflach"]
[Date "2006.09.10"]
[Round "9"]
[Board "1"]
[White "Krebs, Johann"]
[Black "Kreindl, Helmut"]
[Result "1-0"]
[WhiteElo "2276"]
[BlackElo "2200"]
[PlyCount "81"]
[EventDate "2006.09.02"]
[EventRounds "9"]
[EventCountry "AUT"]

1.d4 d5 2.Nf3 Nf6 3.c4 e6 4.Nc3 Be7 5.Bg5 h6 6.Bxf6 Bxf6 7.e3 O-O 8.Qc2 a6
9.O-O-O Re8 10.h4 dxc4 11.Bxc4 b5 12.Bd3 Bb7 13.Be4 Qc8 14.g4 Be7 15.g5 h5 16.g6
f5 17.Bxb7 Qxb7 18.Ng5 b4 19.Na4 Qd5 20.b3 Nd7 21.Kb1 Rac8 22.Qe2 Nf6 23.Qxa6
Ra8 24.Qxe6+ Qxe6 25.Nxe6 Bd6 26.Ng5 f4 27.Rde1 Ng4 28.e4 Nxf2 29.Rhf1 Ng4 30.e5
Be7 31.Rxf4 Bxg5 32.hxg5 Re6 33.Rh1 Rxg6 34.Rxh5 Ne3 35.Re4 Nd5 36.Kb2 Rf8 37.e6
Rf2+ 38.Kc1 Rxe6 39.Rxe6 Nf4 40.Re8+ Kf7 41.Rhh8